[Event "SVK Extraliga 2017-18"]
[Site "Slovakia"]
[Date "2017.10.01"]
[Round "2"]
[White "Vajda, Levente"]
[Black "Pechac, Jergus"]
[Result "1/2-1/2"]
[WhiteElo "2588"]
[BlackElo "2442"]
[Annotator "TA"]
[PlyCount "119"]
[EventDate "2017.09.30"]
[EventType "team-tourn"]
[EventCountry "SVK"]
[SourceTitle "playchess.com"]
[Source "ChessBase"]
[SourceQuality "1"]

{[%evp 9,119,-12,-4,-18,-13,-9,-13,-37,13,12,27,0,3,18,14,0,52,46,51,74,51,70,79,10,13,0,34,30,52,0,-13,-79,10,-130,-123,-195,-192,-179,-170,-284,-295,-327,-328,-467,-322,-304,-291,-307,-302,-309,-278,-288,-299,-261,-197,-197,-197,-197,-197,-197,-197,-197,-197,-197,-197,-208,-197,-197,-197,-197,-197,-197,0,-197,-193,-193,-193,-202,-167,-189,-157,-146,-78,-155,-155,-155,-155,-173,-155,-155,-155,-189,-189,-195,-132,-168,-71,-152,-20,-20,-8,-8,-8,-20,-20,-20,-20,-20,-20,-20,-20,-20]} 1. Nf3 b6 2. e4 Bb7 3. e5 (3. Nc3 c5 4. d4 cxd4 5. Nxd4 a6 6. Bd3 e6 7. f4 Qc7 8. Qf3 Ne7 9. Bd2 Nbc6 10. Nb3 d5 11. a3 dxe4 12. Nxe4 Nf5 13. Bc3 Be7 14. g4 {½-½ (31) Inarkiev,E (2732)-Hou,Y (2658) Petropavlovsk Kamchatsky 2016}) 3... e6 4. d4 d6 5. Be2 Nc6 $146 ({Predecessor:} 5... Nd7 6. O-O Ne7 7. exd6 cxd6 8. b3 Nf5 9. Re1 Be7 10. Bd3 g6 11. Bb2 {0-1 (51) Eltvik,A-Knudsen,R Molde 1991}) 6. Bf4 {B00: Queen's Fianchetto Defence, Nimzowitsch Defence} dxe5 7. Bxe5 Nge7 8. Nc3 Ng6 9. Bg3 Bd6 10. Qd2 O-O 11. O-O-O Nce7 {[%cal Bc6e7,Be7f5,Bf5g3,Bg3e2][%mdl 32]} 12. h4 Bxg3 (12... Nf5 $11) 13. fxg3 $14 Nf5 14. h5 Nge7 15. g4 Ng3 16. Rh3 (16. h6 $1 $16 {[%cal Rh6g7]} g6 17. Rhe1) 16... Nxe2+ $11 17. Nxe2 Qd6 18. g5 Rad8 19. Ne5 (19. h6 $14) 19... Bxg2 20. Rh4 (20. Ra3 $11) 20... c5 (20... Nc6 $17) 21. g6 (21. h6 $1 $11 g6 22. Rf4) 21... fxg6 $17 ({Resist} 21... hxg6 22. Qg5 $11) 22. hxg6 (22. Qg5 $17 Nf5 23. hxg6) 22... Nxg6 $19 23. Nxg6 hxg6 24. Qg5 (24. Rg4 $142 Qc6 25. Rxg6) 24... Bf3 25. Qxg6 {aiming for Rh7.} Bxe2 26. Qh7+ Kf7 27. Rg1 Ke8 28. Re4 Bf3 ({Less strong is} 28... cxd4 29. Qg6+ Kd7 30. Rxe2 $15) 29. Rxg7 {White wants to mate with Qg6+.} Rd7 30. Rxd7 Qxd7 31. Qg6+ Qf7 32. Rxe6+ Kd7 33. Rd6+ Kc7 {And now ...Qf4+ would win.} 34. Qxf7+ Rxf7 35. dxc5 bxc5 {[%mdl 4096] Endgame KRB-KR} 36. Rd2 Kc6 37. b3 Be4 38. Kb2 Rg7 39. Rh2 Kd5 40. Rd2+ Kc6 41. Rh2 $1 Kb5 42. Rh4 Bc6 43. Rh2 Bg2 44. a3 a6 45. Rh6 Re7 ({Black should try} 45... c4 46. a4+ Ka5 47. Rh5+ Kb6 48. a5+ Kc6 49. bxc4 Rg6) 46. a4+ (46. c4+ $142 Ka5 47. b4+ $1 {[%mdl 512]} cxb4 48. axb4+ Kxb4 49. Rxa6) 46... Ka5 $17 {Strongly threatening ...Re2.} 47. Rh5 Kb6 48. Rh6+ Bc6 49. a5+ Kc7 50. Rh5 {[#]} c4 $1 51. bxc4 {[#]} Re2 (51... Re3 $1 $19 52. Rf5 Bd7 53. Rc5+ Kd6 54. Rd5+ Kc6) 52. Rh7+ {[#]} Kd6 (52... Bd7 $1 $19 {and Black stays clearly on top. White must now prevent ...Re5.} 53. Kc3 Re3+ 54. Kb4 Kc6) 53. Kc3 (53. Ra7 $142) 53... Be4 ({Black should play} 53... Re5 $17 54. Kb4 Bd7) 54. Rh6+ $11 {The position is equal.} Kc5 {next ...Bc6 is good for Black.} 55. Rh5+ Kc6 56. Rh6+ Kb7 57. Rb6+ Ka7 58. Re6 $1 Rxc2+ 59. Kb3 $1 Bf5 {...Rh2 is the strong threat.} 60. Rf6 $1 {Precision: White = 50%, Black = 42%.} 1/2-1/2

[Event "SVK Extraliga 2017-18"]
[Site "Slovakia"]
[Date "2017.10.01"]
[Round "2"]
[White "Stocek, Jiri"]
[Black "Aczel, Gergely"]
[Result "*"]
[WhiteElo "2581"]
[BlackElo "2553"]
[Annotator "TA"]
[PlyCount "28"]
[EventDate "2017.09.30"]
[EventType "team-tourn"]
[EventCountry "SVK"]
[SourceTitle "playchess.com"]
[Source "ChessBase"]
[SourceQuality "1"]

{[%evp 12,13,28,29]} 1. d4 e6 2. c4 Bb4+ 3. Bd2 c5 4. Bxb4 cxb4 5. g3 Nf6 6. Bg2 O-O 7. e3 {LiveBook: 22 Games. E00: Catalan Bogo-Indian (3 g3 Bb4+)} {Predecessor:} d6 $146 8. Ne2 a5 9. O-O Na6 10. a3 Rb8 11. Qd3 Bd7 12. Nd2 b5 13. Rfc1 Qb6 14. axb4 Nxb4 {½-½ (41) Cheparinov,I (2681)-Harikrishna,P (2723) Caleta 2015} *

[Event "SVK Extraliga 2017-18"]
[Site "Slovakia"]
[Date "2017.10.01"]
[Round "2"]
[White "Markos, Jan"]
[Black "Nagy, Gabor"]
[Result "1/2-1/2"]
[WhiteElo "2559"]
[BlackElo "2470"]
[Annotator "TA"]
[PlyCount "48"]
[EventDate "2017.09.30"]
[EventType "team-tourn"]
[EventCountry "SVK"]
[SourceTitle "playchess.com"]
[Source "ChessBase"]
[SourceQuality "1"]

{[%evp 17,48,31,32,35,41,21,33,9,52,46,144,162,146,151,145,87,164,142,158,152,157,108,95,81,73,36,38,36,49,43,40,24,48]} 1. d4 Nf6 2. Nf3 c5 3. d5 e6 4. Nc3 exd5 5. Nxd5 Nxd5 6. Qxd5 Be7 7. e4 Nc6 8. Bc4 O-O 9. O-O d6 10. c3 {A43: Schmid Benoni} (10. Qd3 Kh8 11. Bf4 f5 12. e5 Nb4 13. Qd2 d5 14. Be2 Na6 15. Bxa6 bxa6 16. Rfe1 Be6 17. c3 a5 {1-0 (53) Sandipan,C (2575)-Gomez,J (2474) Chengdu 2017}) 10... Na5 {Hoping for ...Be6.} 11. Be2 Be6 12. Qh5 {White is slightly better.} f6 13. Nh4 g6 $146 {[#]} (13... Nc6 $14) ({Predecessor:} 13... Qe8 14. Qf3 g6 15. Qg3 Rf7 16. Nf5 Bf8 17. Nxd6 Bxd6 18. Qxd6 {1-0 (39) Kuzev,J (2379)-Armas,J (2358) France 2004}) 14. Nxg6 $1 $16 {[%mdl 512]} hxg6 15. Qxg6+ Kh8 {Black wants to play ...Rf7.} 16. Qh6+ Kg8 {[#] next ...Rf7 is good for Black.} 17. Bh5 $1 Rf7 18. Bxf7+ Bxf7 19. Rd1 Qf8 20. Qh3 {Black must now prevent Bh6.} Bg6 21. Bh6 Qc8 $1 {Threatening ...Qxh3.} 22. Qg3 Kf7 23. Re1 Qc6 24. Qd3 b5 {Precision: White = 72%, Black = 44%.} 1/2-1/2

[Event "SVK Extraliga 2017-18"]
[Site "Slovakia"]
[Date "2017.10.01"]
[Round "2"]
[White "Aczel, Gergely"]
[Black "Stocek, Jiri"]
[Result "1-0"]
[WhiteElo "2553"]
[BlackElo "2581"]
[Annotator "TA"]
[PlyCount "161"]
[EventDate "2017.09.30"]
[EventType "team-tourn"]
[EventCountry "SVK"]
[SourceTitle "playchess.com"]
[Source "ChessBase"]
[SourceQuality "1"]

{[%evp 16,161,37,30,16,26,36,43,48,47,46,41,63,63,61,55,75,65,90,75,78,68,102,46,63,63,63,60,68,0,60,48,62,49,64,0,64,47,47,43,54,47,53,10,14,8,13,0,0,0,0,0,0,0,0,0,0,0,0,0,0,-18,0,0,8,14,143,133,136,141,222,206,204,195,191,187,229,234,224,210,240,220,189,104,104,113,101,8,8,8,8,8,8,8,8,8,8,8,8,0,0,0,0,0,0,0,0,0,8,8,8,0,4,0,0,0,0,0,0,0,0,0,0,0,0,0,0,0,0,0,0,0,0,0,0,0,0,0,0,0,0,0,814,0,29977,29978,29978,29979]} 1. d4 e6 2. c4 Bb4+ 3. Bd2 c5 4. Bxb4 cxb4 5. g3 Nf6 6. Bg2 O-O 7. e3 {E00: Catalan Bogo-Indian (3 g3 Bb4+)} Qc7 8. Nd2 d6 9. Ne2 {LiveBook: 3 Games. White is slightly better.} e5 10. O-O Bg4 $146 ({Predecessor:} 10... Nc6 11. a3 exd4 12. Nxd4 Nxd4 13. exd4 bxa3 14. Rxa3 Bd7 {1-0 (41) Li,C (2722)-Narciso Dublan,M (2515) Barcelona 2014}) 11. h3 Bxe2 12. Qxe2 exd4 13. exd4 Re8 14. Qd3 Nc6 15. Rfd1 h5 16. Nf1 a5 17. Ne3 g6 18. Rac1 Qd7 19. h4 (19. d5 $16 Ne5 20. Qd4) 19... Rac8 {[%cal Ba8c8,Bc8c7,Bc7e7][%mdl 32]} 20. a3 Kg7 21. Bf3 Qh3 22. Bg2 Qd7 23. Re1 Rc7 24. Bf3 Qh3 25. Bg2 Qd7 26. Re2 Qd8 27. Rce1 Rce7 28. Bf3 Kf8 29. axb4 Nxb4 30. Qd2 Kg8 31. Nd1 Rxe2 32. Rxe2 Rxe2 33. Qxe2 Qb6 34. Qd2 Nc6 35. Qf4 $36 {[%mdl 2048] Black is under pressure.} Qxd4 36. Qxd4 Nxd4 37. Bxb7 $11 {[%mdl 4096] Endgame KBN-KNN} Nd7 38. Nc3 Nb6 39. Nb5 Nf5 40. b3 Kg7 (40... Nd7 $11) 41. Be4 $16 Ne7 42. Nxd6 Kf6 (42... a4 $16 {was worth a try.}) 43. c5 $18 {[%cal Bc4c5,Bc5c6][%mdl 32]} Nd7 44. Nb7 Ke5 45. Bg2 Kd4 46. c6 ({Weaker is} 46. Nxa5 Kxc5 47. Nb7+ Kb6 $14) 46... Nc5 47. Nxa5 Ne6 48. b4 Nc7 {[#]} 49. Bf1 (49. Nb7 $1 $18) 49... Kc3 $16 50. b5 Kb4 51. b6 (51. Nc4 $16 Nxb5 52. Ne5) 51... Kxa5 $11 52. bxc7 {KB-KN} Kb6 53. Bc4 f6 54. c8=Q Nxc8 55. Bf7 Ne7 56. Be8 Kc7 57. Kg2 Kd8 58. Bd7 Kc7 59. Be8 Kd8 60. Bf7 Kc7 61. Kf3 Kxc6 62. Ke4 Kd6 63. f4 Kd7 64. Bxg6 Nxg6 {KN-K3P} 65. Kf5 Ne7+ 66. Kxf6 Ke8 67. Kg5 Kf7 68. Kxh5 {Black must now prevent Kg5.} Nf5 69. g4 (69. Kg4 $5 {[%cal Rg4f5]} Kf6 70. h5 $11) 69... Nd4 70. g5 {Hoping for Kg4.} Nf5 71. Kg4 Ne3+ 72. Kf3 Nf5 73. h5 Kg7 74. Kg4 Ne3+ $1 75. Kg3 Nf5+ 76. Kf3 Kh7 77. h6 {Kg4 is the strong threat.} Nd6 78. Kg3 Nf5+ $2 {[%mdl 8192]} (78... Kg6 $11) 79. Kg4 $18 Ne3+ $2 {[%mdl 8192] [#]} (79... Ne7 $11) 80. Kh5 Kg8 81. g6 {Precision: White = 56%, Black = 53%.} 1-0

[Event "SVK Extraliga 2017-18"]
[Site "Slovakia"]
[Date "2017.10.01"]
[Round "2"]
[White "Krejci, Jan"]
[Black "Motuz, Karol"]
[Result "1-0"]
[WhiteElo "2551"]
[BlackElo "2423"]
[Annotator "TA"]
[PlyCount "89"]
[EventDate "2017.09.30"]
[EventType "team-tourn"]
[EventCountry "SVK"]
[SourceTitle "playchess.com"]
[Source "ChessBase"]
[SourceQuality "1"]

{[%evp 20,89,28,9,29,24,44,45,53,19,32,38,37,17,58,59,207,186,196,184,200,202,195,202,181,199,206,203,225,245,257,270,259,261,262,241,289,277,343,316,353,346,344,328,444,447,402,429,485,448,479,420,712,699,896,877,1087,1072,1051,1026,1310,1128,1087,947,1226,1070,1212,1161,1918,1806,1923,1858]} 1. c4 c6 2. Nf3 d5 3. e3 Nf6 4. d4 e6 5. Nbd2 Nbd7 6. Bd3 Be7 7. O-O b6 8. b3 Bb7 9. Bb2 O-O 10. Qe2 c5 11. Rad1 {LiveBook: 21 Games} a5 {D30: Queen's Gambit Declined: Systems without Nc3} (11... Qc7 12. Ne5 a6 13. a4 dxc4 14. Ndxc4 b5 15. Nxd7 Nxd7 16. axb5 axb5 17. Ne5 Nxe5 18. dxe5 Rab8 19. f4 {½-½ (63) Jakovenko,D (2662)-Shabalov,A (2595) Moscow 2006}) 12. e4 $146 ({Predecessor:} 12. a4 Qc7 13. Ne5 Bd6 14. f4 Rad8 15. cxd5 exd5 16. Bb5 Nb8 17. Rc1 Qe7 18. Rf3 Ne4 19. Nxe4 dxe4 {1-0 (29) Rodriguez Vargas,O (2425)-Tsagan,T Tel Aviv 1964}) 12... dxe4 13. Nxe4 Qc7 {White is slightly better.} 14. Neg5 cxd4 15. Nxd4 Nc5 16. Bb1 Qf4 17. Ndf3 h6 ({Black should play} 17... Nfe4 $14 18. Be5 Qf5 19. Nxe4 Bxe4) 18. Be5 $18 Qg4 {[#]} 19. Rd4 $1 $36 {[%mdl 2048] White is on the roll.} Qh5 20. Rh4 Qxh4 21. Nxh4 hxg5 {[#]} 22. Nf3 $1 g4 23. Ng5 Rfd8 24. Bc7 Rd7 25. Bxb6 Ra6 {[%cal Ba8a6,Ba6d6,Bd6d2][%mdl 32]} 26. Bxc5 $1 Bxc5 27. Be4 Bc8 28. g3 Rad6 {intending ...Rd2.} 29. Bg2 Rd8 30. Ne4 Nxe4 31. Qxe4 Rd2 32. Qe5 Bb4 {[#]} 33. a3 $1 Bxa3 34. Qxa5 Bf8 35. b4 e5 (35... R8d4 $142 36. b5 Rc2) 36. b5 {White is clearly winning.} R8d4 37. b6 Rb2 38. Qxe5 Rdd2 39. Qc7 Ba6 40. b7 Bd6 41. Qc8+ Kh7 42. b8=Q Rxb8 43. Qxa6 Rbb2 44. Qa7 Kg6 45. Bd5 {Precision: White = 90%, Black = 29%.} 1-0

[Event "SVK Extraliga 2017-18"]
[Site "Slovakia"]
[Date "2017.10.01"]
[Round "2"]
[White "Vetoshko, Volodymyr"]
[Black "Farkas, Gabor"]
[Result "1-0"]
[WhiteElo "2534"]
[BlackElo "2372"]
[Annotator "TA"]
[PlyCount "83"]
[EventDate "2017.09.30"]
[EventType "team-tourn"]
[EventCountry "SVK"]
[SourceTitle "playchess.com"]
[Source "ChessBase"]
[SourceQuality "1"]

{[%evp 17,83,20,38,6,128,16,127,136,127,134,124,0,0,0,0,-12,0,0,0,0,0,0,0,-14,151,43,54,94,74,80,68,41,54,25,9,8,3,18,18,18,23,18,28,27,54,6,149,123,104,110,438,438,430,433,423,416,395,389,29985,5285,1571,529,487,466,575,504,481,476]} 1. e4 c5 2. Nf3 e6 3. d4 cxd4 4. Nxd4 Nc6 5. Nc3 Qc7 6. Be3 a6 7. Qf3 {B48: Sicilian: Taimanov: 5 Nc3 Qc7 6 Be3 a6 without Be2} (7. a3 Nf6 8. f4 d6 9. Qf3 Nxd4 10. Bxd4 b5 11. Bd3 Bb7 12. Bxf6 gxf6 13. f5 Be7 14. O-O Qc5+ 15. Kh1 h5 16. fxe6 fxe6 17. a4 {1-0 (32) Grischuk,A (2783)-Cori Tello,J (2641) Tbilisi 2017}) 7... d6 8. O-O-O Bd7 9. Qg3 Rc8 {LiveBook: 4 Games} 10. f4 b5 {[#]} (10... Nf6 $11) 11. Bd3 (11. Bxb5 $1 $16 axb5 12. Ndxb5) 11... g6 $146 {[#]} (11... Nf6 $11) ({Predecessor:} 11... Nf6 12. Rhe1 Nb4 13. Kb1 Nxd3 14. cxd3 Qb7 15. e5 {0-1 (32) Yurovskikh,Y (1922)-Kovalev,E (2339) Moscow 2016}) 12. Nxc6 $1 $16 Bxc6 13. Bd4 f6 {[%cal Bf7f6,Bf6f5][%mdl 32]} 14. e5 (14. a3 $16) 14... dxe5 $11 15. fxe5 f5 $1 16. h4 {[%cal Bh2h4,Bh4h5][%mdl 32]} Bh6+ 17. Kb1 Ne7 {[%cal Bg8e7,Be7d5,Bd5e3][%mdl 32]} 18. h5 g5 19. Bc5 Qb7 20. Rhg1 Bd7 $2 (20... O-O $11) 21. Bd6 (21. Qf2 $16) 21... Rxc3 22. bxc3 Nd5 23. Be2 Kf7 24. Ka1 (24. Rxd5 $5 Qxd5 25. Qe3 $14) 24... Qb6 25. c4 (25. Rxd5 $5 Qxg1+ 26. Rd1 $11) 25... bxc4 $1 26. Bxc4 {Black must now prevent Qb3.} Ne3 $132 {[%cal Re3c2][%mdl 2048] Black puts up resistance} 27. Bb3 {And now Bc5! would win.} Rc8 $1 28. Ba3 (28. Bc5 Qxc5 29. Rxd7+ Ke8 $17) 28... Ke8 $1 29. Bb2 {aiming for Bd4.} Nxd1 30. Rxd1 Rd8 31. a4 {Rd6 is the strong threat.} Bc8 (31... g4 $11 {remains equal.}) 32. Rd6 $16 Rxd6 33. exd6 Kd7 $2 {[%mdl 8192] [#]} (33... Qc5 $16 {is more resistant.}) 34. Bxe6+ $1 $18 {[%mdl 512]} Kxe6 35. Qe5+ Kd7 36. Qxf5+ Kxd6 37. Qxc8 Kd5 $2 (37... g4 $18 38. Qxg4 Qc6) 38. Qf5+ (38. Qd7+ $142 Kc4 39. Qd3+ Kc5 40. Bd4+ Kc6 41. Qf3+ Kc7 42. Bxb6+ Kd7 43. Qd5+ Ke8 44. Qe6+ Kf8 45. Bc5+ Kg7 46. Qe7+ Kh8 47. Qe8+ Kg7 48. Qf8#) 38... Kc6 {White is clearly winning.} 39. Qe4+ (39. Qxh7 $142 Kc5 40. Qd7) 39... Kd7 40. Qxh7+ Kc8 41. Qf5+ Kb7 42. Qd7+ {Precision: White = 42%, Black = 34%.} 1-0

[Event "SVK Extraliga 2017-18"]
[Site "Slovakia"]
[Date "2017.10.01"]
[Round "2"]
[White "Antal, Gergely"]
[Black "Rigo, Zsolt"]
[Result "*"]
[WhiteElo "2529"]
[BlackElo "2391"]
[Annotator "TA"]
[PlyCount "25"]
[EventDate "2017.09.30"]
[EventType "team-tourn"]
[EventCountry "SVK"]
[SourceTitle "playchess.com"]
[Source "ChessBase"]
[SourceQuality "1"]

{[%evp 9,18,18,9,9,15,15,22,22,22,18,16]} 1. e4 c6 2. Nf3 d5 3. Nc3 Nf6 4. e5 Ne4 5. Ne2 Qb6 {[%csl Ge4][%cal Rb6f2] [#] The position is equal.} 6. d4 {B11: Caro-Kann: Two Knights Variation} e6 $1 7. Ng3 Nxg3 (7... c5 8. Bd3 Nc6 9. Nxe4 dxe4 10. Bxe4 cxd4 11. O-O Bd7 12. a3 h6 13. Re1 {1-0 (71) Short,N (2675)-Caruana,F (2827) Caleta 2017}) 8. hxg3 c5 9. c3 Nc6 {Predecessor:} 10. a3 $146 a5 11. Bd3 Be7 12. Rb1 Bd7 13. Be3 {1-0 (36) Karthikeyan,M (2530)-Batchelor,P (2365) Hastings 2016} *

[Event "SVK Extraliga 2017-18"]
[Site "Slovakia"]
[Date "2017.10.01"]
[Round "2"]
[White "Tazbir, Marcin"]
[Black "Neuman, Petr"]
[Result "1/2-1/2"]
[WhiteElo "2519"]
[BlackElo "2440"]
[Annotator "TA"]
[PlyCount "33"]
[EventDate "2017.09.30"]
[EventType "team-tourn"]
[EventCountry "SVK"]
[SourceTitle "playchess.com"]
[Source "ChessBase"]
[SourceQuality "1"]

{[%evp 19,33,23,50,31,33,10,16,22,8,0,0,0,0,0,0,0]} 1. e4 c6 2. d4 d5 3. exd5 cxd5 4. Bd3 Nc6 5. c3 Qc7 6. Ne2 Bg4 7. O-O {B13: Caro-Kann: Exchange Variation and Panov-Botvinnik Attack} e6 (7... Nf6 8. Qe1 g6 9. Bf4 Qb6 10. h3 Bxe2 11. Qxe2 Bg7 12. a4 O-O 13. Re1 Rfe8 14. Na3 Nh5 {0-1 (41) Bachmann,A (2648)-Dreev,A (2648) Tbilisi 2017}) 8. Qe1 Bxe2 9. Qxe2 Bd6 10. h3 Nge7 {LiveBook: 4 Games} 11. a4 $146 ({Predecessor:} 11. Nd2 Ng6 12. Nf3 Nf4 13. Qd1 Nxd3 14. Qxd3 h6 {½-½ (53) Saveliev,A (2392)-Lintchevski,D (2522) St Petersburg 2016}) 11... Ng6 12. Na3 a6 {The position is equal.} 13. g3 Bxg3 14. fxg3 Qxg3+ 15. Kh1 {aiming for Qe3.} Qxh3+ 16. Kg1 Qg3+ 17. Kh1 1/2-1/2

[Event "SVK Extraliga 2017-18"]
[Site "Slovakia"]
[Date "2017.10.01"]
[Round "2"]
[White "Polak, Tomas"]
[Black "Stohl, Igor"]
[Result "1/2-1/2"]
[WhiteElo "2513"]
[BlackElo "2505"]
[Annotator "TA"]
[PlyCount "42"]
[EventDate "2017.09.30"]
[EventType "team-tourn"]
[EventCountry "SVK"]
[SourceTitle "playchess.com"]
[Source "ChessBase"]
[SourceQuality "1"]

{[%evp 23,24,0,30]} 1. Nf3 Nf6 2. c4 b6 3. g3 c5 4. Bg2 Bb7 5. Nc3 e6 6. O-O Be7 7. d4 cxd4 8. Qxd4 d6 9. b3 O-O 10. Rd1 Nbd7 11. Bb2 a6 12. Ng5 {A30: Symmetrical English: Double Fianchetto and Hedgehog} Bxg2 {LiveBook: 75 Games} {Predecessor:} 13. Kxg2 $146 Rc8 14. Nce4 Rc6 15. Qd3 Re8 16. Nxf6+ Nxf6 17. Bxf6 Bxf6 18. Qxh7+ Kf8 19. Qe4 Rc5 20. Nh7+ Kg8 21. Nxf6+ Qxf6 {1-0 (39) Nakamura,H (2779)-Pantsulaia,L (2607) Doha 2016} 1/2-1/2

[Event "SVK Extraliga 2017-18"]
[Site "Slovakia"]
[Date "2017.10.01"]
[Round "2"]
[White "Stohl, Igor"]
[Black "Polak, Tomas"]
[Result "*"]
[WhiteElo "2505"]
[BlackElo "2513"]
[Annotator "TA"]
[PlyCount "37"]
[EventDate "2017.09.30"]
[EventType "team-tourn"]
[EventCountry "SVK"]
[SourceTitle "playchess.com"]
[Source "ChessBase"]
[SourceQuality "1"]

{[%evp 17,18,22,29]} 1. Nf3 Nf6 2. c4 b6 3. g3 c5 4. Bg2 Bb7 5. Nc3 e6 6. O-O Be7 7. d4 cxd4 8. Qxd4 d6 9. b3 O-O {LiveBook: 275 Partien} {Vorgänger:} 10. Rd1 $146 a6 11. Ba3 Ne8 12. Qf4 Nd7 13. Ne4 d5 14. Bxe7 Qxe7 15. cxd5 Bxd5 16. Rac1 Nef6 17. Nxf6+ Nxf6 18. Ne5 Bxg2 19. Kxg2 {½-½ (48) Ivanchuk,V (2720)-Eljanov,P (2753) Ashdod 2015} *

[Event "SVK Extraliga 2017-18"]
[Site "Slovakia"]
[Date "2017.10.01"]
[Round "2"]
[White "Cvek, Robert"]
[Black "Erdos, Viktor"]
[Result "1/2-1/2"]
[WhiteElo "2504"]
[BlackElo "2624"]
[Annotator "TA"]
[PlyCount "46"]
[EventDate "2017.09.30"]
[EventType "team-tourn"]
[EventCountry "SVK"]
[SourceTitle "playchess.com"]
[Source "ChessBase"]
[SourceQuality "1"]

{[%evp 26,27,0,0]} 1. c4 g6 2. Nf3 Bg7 3. g3 c5 4. Bg2 Nc6 5. O-O e6 6. e3 Nge7 7. d4 cxd4 8. Nxd4 O-O 9. Nc3 d5 10. cxd5 Nxd5 11. Nxd5 exd5 12. Qb3 Nxd4 13. exd4 Be6 14. Be3 {[#] LiveBook: 134 Partien} {Vorgänger:} Qd7 $146 15. Rac1 Rfc8 16. h4 h5 17. Kh2 Bf6 18. Qd3 Qa4 19. a3 Bg7 20. Qd2 Qb3 21. Rxc8+ Rxc8 22. Rc1 Rxc1 23. Qxc1 b6 {½-½ (37) Rakhmanov,A (2662)-Morozevich,A (2683) Sochi 2016} 1/2-1/2

[Event "SVK Extraliga 2017-18"]
[Site "Slovakia"]
[Date "2017.10.01"]
[Round "2"]
[White "Bokros, Albert"]
[Black "Karas, Marek"]
[Result "1-0"]
[WhiteElo "2482"]
[BlackElo "2252"]
[Annotator "TA"]
[PlyCount "87"]
[EventDate "2017.09.30"]
[EventType "team-tourn"]
[EventCountry "SVK"]
[SourceTitle "playchess.com"]
[Source "ChessBase"]
[SourceQuality "1"]

{[%evp 15,87,-2,-4,-20,0,-34,-47,-33,-42,-56,-44,-50,-46,-62,-62,-61,-59,-54,0,0,0,0,0,0,0,0,0,0,11,0,31,21,122,112,164,166,157,162,169,185,136,100,135,112,103,72,74,17,21,0,0,0,0,0,0,0,0,0,42,60,625,626,557,525,569,693,665,659,569,294,29990,29991,29991,29992]} 1. e4 e6 2. d3 d5 3. Qe2 Be7 4. Nf3 Nf6 5. g3 c5 6. Bg2 Nc6 7. O-O O-O 8. Re1 {C00: French: Unusual White 2nd moves} (8. e5 Nd7 9. c4 Re8 10. Nc3 d4 11. Ne4 Ndxe5 12. Nxe5 Nxe5 13. Nxc5 Nc6 14. Ne4 e5 15. g4 f5 16. gxf5 Bxf5 17. Ng3 Bg6 {½-½ (26) Anand,V (2803)-Khairullin,I (2652) Berlin 2015}) 8... b5 {[%cal Bb7b5,Bb5b4][%mdl 32] LiveBook: 45 Games} 9. a4 {aiming for exd5.} b4 10. e5 $146 {The position is equal.} ({Predecessor:} 10. Nbd2 Ba6 11. b3 Rc8 12. Bb2 dxe4 13. Nxe4 Nd4 14. Bxd4 cxd4 15. Nxf6+ Bxf6 {0-1 (31) Ivanov,A (2420)-Matlakov,M (2694) Sochi 2015}) 10... Nd7 11. h4 a5 12. Bg5 Ba6 13. Nbd2 Rc8 14. Qe3 Bxg5 15. hxg5 {[#]} Nd4 $1 {[%mdl 512]} 16. Rac1 (16. Nxd4 cxd4) 16... Nxf3+ ({Black should play} 16... Nf5 $15 17. Qf4 Qc7) 17. Nxf3 $11 Qb6 18. b3 c4 19. Qxb6 Nxb6 20. dxc4 dxc4 21. Nd4 Rc7 22. Rcd1 Rfc8 23. Nc6 Bb7 (23... cxb3 $11 24. cxb3 Nd5 25. Bxd5 exd5) 24. Nxa5 $16 Bxg2 (24... Bd5 $16) 25. Kxg2 $18 cxb3 26. cxb3 Rc3 27. Rd6 Nd5 28. Ra6 h6 29. gxh6 gxh6 30. Ra7 Rd3 {[#]} 31. Nc4 (31. Re4 $1 $16) 31... Rxb3 $11 32. Nd6 $36 {[%mdl 2048] White has the initiative.} Rc7 33. Ra8+ Kh7 34. Rf8 Kg7 35. Rd8 {Strongly threatening Ne8+.} Kg6 36. Re4 h5 (36... Rb2 $5 {[%cal Rc7c2]} 37. Rg4+ Kh7 $11) 37. Rh4 {Threatens to win with Rg8+.} Rb2 $2 {[%mdl 8192] [#]} (37... f5 $14) 38. Rg8+ $1 $18 Kh6 39. Rh8+ Kg6 {and the idea ...Ne3+ leaves Black hopeful.} 40. R4xh5 Rcc2 41. Ne4 {[%csl Ge4][%cal Rh5g5]} Kg7 42. Rb8 Rc4 $2 (42... Ne7 $18 43. a5 Ra2) 43. Rg5+ Kh7 44. Nf6+ {Precision: White = 63%, Black = 53%.} 1-0

[Event "SVK Extraliga 2017-18"]
[Site "Slovakia"]
[Date "2017.10.01"]
[Round "2"]
[White "Mazur, Stefan"]
[Black "Antoniewski, Rafal"]
[Result "1/2-1/2"]
[WhiteElo "2472"]
[BlackElo "2537"]
[Annotator "TA"]
[PlyCount "73"]
[EventDate "2017.09.30"]
[EventType "team-tourn"]
[EventCountry "SVK"]
[SourceTitle "playchess.com"]
[Source "ChessBase"]
[SourceQuality "1"]

{[%evp 32,73,35,29,20,29,27,32,20,33,30,37,29,36,49,34,33,33,29,22,28,17,25,17,21,11,14,13,12,14,14,13,18,11,8,0,0,0,0,0,0,0,0,0]} 1. e4 e5 2. Nf3 Nc6 3. Bb5 a6 4. Ba4 Nf6 5. O-O Be7 6. Re1 b5 7. Bb3 O-O 8. c3 d5 9. exd5 Nxd5 10. Nxe5 Nxe5 11. Rxe5 c6 12. d3 Bd6 13. Re1 Bf5 14. Qf3 Qf6 {C89: Closed Ruy Lopez: Marshall Attack} (14... Qh4 15. g3 Qh3 16. Be3 Bxd3 17. Nd2 Qf5 18. Bd4 Rfe8 19. a4 Kf8 20. h4 Rxe1+ 21. Rxe1 f6 22. Qxf5 Bxf5 {½-½ (33) Vachier Lagrave,M (2796)-Carlsen,M (2832) Paris 2017}) 15. Nd2 Qg6 16. Bd1 Bxd3 17. Ne4 {LiveBook: 6 Games} Bxe4 $1 18. Qxe4 f5 19. Qe6+ Qxe6 20. Rxe6 Rae8 21. Rxe8 Rxe8 {[%cal Re8e1] [#]} 22. Kf1 Nf6 $146 23. Bd2 Ne4 24. Be1 Kf8 (24... Bxh2 $6 25. g3 $16) 25. Bc2 g6 26. Rd1 {[#] Hoping for Bxe4.} Bc7 ({Don't play} 26... Bxh2 $6 27. g3 $16) 27. g3 Re6 {The position is equal.} 28. Bb3 Rd6 29. Rxd6 Bxd6 $11 {[%mdl 4096] Endgame KBB-KBN} 30. Ke2 h5 31. Bc2 Nf6 32. h4 Ke7 33. Bd2 c5 34. Kf3 Ng4 35. Ke2 Nf6 36. Bg5 Ke6 37. Bxf6 {Precision: White = 69%, Black = 91%.} 1/2-1/2